| 000 -LEADER |
| fixed length control field |
00794nam a22002178a 4500 |
| 020 ## - INTERNATIONAL STANDARD BOOK NUMBER |
| ISBN |
0064410226 |
| 040 ## - CATALOGING SOURCE |
| Transcribing agency |
DLC |
| 082 00 - DEWEY DECIMAL CLASSIFICATION NUMBER |
| Classification number |
813 HAR 2002 A094 Or. |
| 100 1# - MAIN ENTRY--AUTHOR NAME |
| Personal name |
Gantos, Jack. |
| 245 10 - TITLE STATEMENT |
| Title |
Joey Pigza loses control / |
| 250 ## - EDITION STATEMENT |
| Edition statement |
1st Harper Trophy ed. |
| 260 ## - PUBLICATION, DISTRIBUTION, ETC. (IMPRINT) |
| Place of publication |
New York : |
| Name of publisher |
HarperTrophy, |
| Year of publication |
2002. |
| 300 ## - PHYSICAL DESCRIPTION |
| Number of Pages |
195 p. ; |
| Dimensions |
19 cm. |
| 500 ## - GENERAL NOTE |
| General note |
Sequel to: Joey Pigza swallowed the key. |
| 520 ## - SUMMARY, ETC. |
| Summary, etc |
Joey, who is still taking medication to keep him from getting too wired, goes to spend the summer with the hard-drinking father he has never known and tries to help the baseball team he coaches win the championship. |
| 650 #0 - SUBJECT ADDED ENTRY--TOPICAL TERM |
| Topical Term |
Attention-deficit hyperactivity disorder |
| 650 #0 - SUBJECT ADDED ENTRY--TOPICAL TERM |
| Topical Term |
Fathers and sons |
| 650 #0 - SUBJECT ADDED ENTRY--TOPICAL TERM |
| Topical Term |
Baseball stories. |
| 650 #0 - SUBJECT ADDED ENTRY--TOPICAL TERM |
| Topical Term |
Alcoholism |
| 942 ## - ADDED ENTRY ELEMENTS (KOHA) |
| Koha item type |
សៀវភៅភាសាអង់គ្លេស |
| 952 ## - LOCATION AND ITEM INFORMATION (KOHA) |
| Withdrawn status [LOCAL, KOHA] |
0 |